[Event "Kvika Reykjavik Open 2022"]
[Site "Reykjavik, Iceland"]
[Date "2022.04.07"]
[Round "2.8"]
[White "Warmerdam, Max"]
[Black "Sarkar, Justin"]
[Result "1-0"]
[WhiteElo "2599"]
[BlackElo "2314"]
[PlyCount "73"]
[EventDate "2022.??.??"]

1. c4 {[%eval 23,0]} f5 {[%eval 71,0]} 2. d4 {[%eval 44,0]} Nf6 {[%eval 5,0]}
3. g3 {[%eval 57,0]} e6 {[%eval 78,0]} 4. Nf3 {[%eval 62,0]} Be7 {[%eval 55,0]}
5. Bg2 {[%eval 47,0]} O-O {[%eval 55,0]} 6. O-O {[%eval 48,0]} d6 {[%eval 83,0]
} 7. Nc3 {[%eval 75,0]} Qe8 {[%eval 93,0]} 8. b4 {[%eval 131,0]} Nc6 {[%eval
139,0]} 9. a3 {[%eval 133,0]} Ne4 {[%eval 113,0]} 10. Bb2 {[%eval 137,0]} Nxc3
{[%eval 105,0]} 11. Bxc3 {[%eval 139,0]} Bf6 {[%eval 141,0]} 12. Rc1 $6 {
[%eval 85,0] Inaccuracy. b5 was best.} (12. b5 Nd8 13. Re1 a6 14. a4 axb5 15.
axb5 Rxa1 16. Qxa1 b6 17. Qb2 Bb7 18. Rc1 Be4) 12... e5 {[%eval 98,0]} 13. b5 {
[%eval 89,0]} Nd8 {[%eval 98,0]} 14. e3 {[%eval 51,0]} e4 {[%eval 44,0]} 15.
Nd2 {[%eval 57,0]} h5 {[%eval 75,0]} 16. f3 {[%eval 66,0]} exf3 $6 {[%eval 131,
0] Inaccuracy. Bg5 was best.} (16... Bg5 17. Re1 Qg6 18. fxe4 h4 19. gxh4 Bxh4
20. Rf1 Bg5 21. Qe2 Qh6 22. Rce1 Bh4 23. Rd1) 17. Qxf3 {[%eval 134,0]} h4 {
[%eval 128,0]} 18. Rce1 $6 {[%eval 54,0] Inaccuracy. gxh4 was best.} (18. gxh4
Bxh4) 18... Ne6 $6 {[%eval 123,0] Inaccuracy. Qg6 was best.} (18... Qg6 19. a4
Nf7 20. a5 Qh6 21. a6 Rb8 22. axb7 Rxb7 23. Qe2 Rb8 24. Bd5 Bb7 25. Bxb7) 19.
e4 {[%eval 179,0]} Nxd4 $2 {[%eval 306,0] Mistake. h3 was best.} (19... h3 20.
exf5) 20. Qd3 {[%eval 338,0]} Qe5 $2 {[%eval 581,0] Mistake. h3 was best.} (
20... h3) 21. Nb3 {[%eval 486,0]} Ne2+ {[%eval 394,0]} 22. Qxe2 {[%eval 415,0]}
Qxc3 {[%eval 456,0]} 23. exf5 {[%eval 403,0]} Bd7 $6 {[%eval 599,0] Inaccuracy.
g6 was best.} (23... g6 24. fxg6 Qe5 25. Bd5+ Kg7 26. Qd2 Qh5 27. Rxf6 Rxf6 28.
Re7+ Kxg6 29. Nd4 hxg3 30. Qd3+) 24. Bd5+ {[%eval 643,0]} Rf7 {[%eval 638,0]}
25. Rf3 {[%eval 592,0]} Qe5 {[%eval 608,0]} 26. Qxe5 $6 {[%eval 401,0]
Inaccuracy. Qd2 was best.} (26. Qd2) 26... Bxe5 {[%eval 381,0]} 27. Bxb7 {
[%eval 359,0]} Raf8 {[%eval 438,0]} 28. Bd5 {[%eval 435,0]} hxg3 {[%eval 494,0]
} 29. hxg3 {[%eval 500,0]} Kh7 {[%eval 548,0]} 30. Bxf7 {[%eval 579,0]} Rxf7 {
[%eval 593,0]} 31. g4 Kh6 32. Re4 Kg5 33. Nc5 Bc8 34. Ne6+ Bxe6 35. fxe6 Re7
36. Rf7 Rxe6 37. Kg2 1-0

[Event "Kvika Reykjavik Open 2022"]
[Site "Reykjavik, Iceland"]
[Date "2022.04.07"]
[Round "2.10"]
[White "Soham, Das"]
[Black "Cornette, Matthieu"]
[Result "0-1"]
[WhiteElo "2303"]
[BlackElo "2569"]
[PlyCount "62"]
[EventDate "2022.??.??"]

1. d4 {[%eval 3,0]} d5 {[%eval 35,0]} 2. c4 {[%eval 36,0]} e6 {[%eval 3,0]} 3.
Nf3 {[%eval 0,0]} a6 {[%eval 42,0]} 4. g3 {[%eval 0,0]} dxc4 {[%eval 38,0]} 5.
Bg2 {[%eval 9,0]} Nc6 {[%eval 24,0]} 6. Nbd2 {[%eval 0,0]} Nxd4 {[%eval 14,0]}
7. O-O {[%eval 0,0]} Nc6 {[%eval 33,0]} 8. Nxc4 {[%eval 3,0]} Qxd1 {[%eval 15,
0]} 9. Rxd1 {[%eval 0,0]} f6 {[%eval 7,0]} 10. Bd2 $6 {[%eval 55,0] Inaccuracy.
Nd4 was best.} (10. Nd4 Nge7 11. Nxc6 Nxc6 12. Bd2 Bd7 13. Na5 Rb8 14. Rac1 Bd6
15. Nxb7 Rxb7 16. Bxc6 Bxc6) 10... Bd7 {[%eval 72,0]} 11. Na5 {[%eval 77,0]}
O-O-O {[%eval 63,0]} 12. Rac1 $6 {[%eval -38,0] Inaccuracy. Nxc6 was best.} (
12. Nxc6 Bxc6 13. Bh3 Rd6 14. Bb4 Rxd1+ 15. Rxd1 Bxb4 16. Bxe6+ Kb8 17. Rd8+
Ka7 18. Nd4 Be4) 12... Nge7 {[%eval -54,0]} 13. Nb3 {[%eval -48,0]} Nd5 $6 {
[%eval 98,0] Inaccuracy. Kb8 was best.} (13... Kb8) 14. Ne1 {[%eval -51,0]} Bd6
{[%eval -48,0]} 15. Nd3 {[%eval -59,0]} b6 {[%eval -61,0]} 16. Bxd5 $4 {
[%eval -253,0] Blunder. Be1 was best.} (16. Be1 Nde7 17. Kf1 e5 18. Nd2 Kb8 19.
Nc4 Be6 20. Rd2 a5 21. Nxd6 Rxd6 22. Rdc2 Bd7) 16... exd5 {[%eval -215,0]} 17.
Bf4 {[%eval -227,0]} Be8 {[%eval -227,0]} 18. Rc2 {[%eval -395,0]} Ne5 {
[%eval -218,0]} 19. Nxe5 {[%eval -224,0]} Bxe5 {[%eval -245,0]} 20. Nd4 $6 {
[%eval -336,0] Inaccuracy. Bxe5 was best.} (20. Bxe5) 20... c5 {[%eval -364,0]}
21. Nf5 {[%eval -342,0]} Bxf4 {[%eval -319,0]} 22. gxf4 {[%eval -326,0]} Kb7 {
[%eval -321,0]} 23. Rcd2 {[%eval -392,0]} d4 {[%eval -329,0]} 24. e4 {[%eval
-449,0]} Bh5 {[%eval -485,0]} 25. Re1 {[%eval -468,0]} Bg4 {[%eval -326,0]} 26.
Ng3 {[%eval -321,0]} c4 $6 {[%eval -296,0] Inaccuracy. g6 was best.} (26... g6
27. Kg2 Be6 28. b3 a5 29. f3 Rhe8 30. Kf2 b5 31. h4 Kb6 32. h5 Rc8 33. h6) 27.
Rc1 $6 {[%eval -322,0] Inaccuracy. Kg2 was best.} (27. Kg2 Be6 28. f5 Bf7 29.
f4 c3 30. bxc3 dxc3 31. Rc2 Rd2+ 32. Rxd2 cxd2 33. Rd1 Rd8) 27... b5 28. Kg2
Be6 29. f5 Bf7 30. f4 Rhe8 31. a3 a5 0-1

[Event "Kvika Reykjavik Open 2022"]
[Site "Reykjavik, Iceland"]
[Date "2022.04.07"]
[Round "2.11"]
[White "De Wachter, Matthias"]
[Black "Steingrimsson, Hedinn"]
[Result "0-1"]
[WhiteElo "2295"]
[BlackElo "2538"]
[PlyCount "74"]
[EventDate "2022.??.??"]

1. d4 {[%eval 3,0]} Nf6 {[%eval 23,0]} 2. c4 {[%eval 2,0]} e6 {[%eval 23,0]} 3.
Nc3 {[%eval 5,0]} Bb4 {[%eval 25,0]} 4. Qc2 {[%eval 0,0]} O-O {[%eval 11,0]} 5.
Nf3 {[%eval 0,0]} d5 {[%eval 12,0]} 6. a3 {[%eval 0,0]} Bxc3+ {[%eval 4,0]} 7.
Qxc3 {[%eval 0,0]} dxc4 {[%eval 11,0]} 8. Qxc4 {[%eval 37,0]} b6 {[%eval 33,0]}
9. Bg5 {[%eval 34,0]} Bb7 {[%eval 4,0]} 10. Rd1 {[%eval 27,0]} Nbd7 {[%eval 36,
0]} 11. Ne5 {[%eval 21,0]} h6 {[%eval 23,0]} 12. Nxd7 {[%eval 18,0]} Qxd7 {
[%eval 21,0]} 13. Bxf6 {[%eval 29,0]} gxf6 {[%eval 2,0]} 14. e3 {[%eval 3,0]}
Qd6 {[%eval 11,0]} 15. f3 {[%eval 7,0]} f5 {[%eval 7,0]} 16. Be2 {[%eval 5,0]}
Kh8 $6 {[%eval 69,0] Inaccuracy. Rfc8 was best.} (16... Rfc8 17. Kf2 Qe7 18.
Rc1 c5 19. g3 a5 20. Rhd1 Ba6 21. Qa4 Bxe2 22. Kxe2 cxd4 23. Qxd4) 17. g3 {
[%eval 41,0]} Rg8 {[%eval 47,0]} 18. Kf2 {[%eval 46,0]} Rg7 {[%eval 37,0]} 19.
Rhg1 {[%eval 51,0]} Rag8 {[%eval 69,0]} 20. Rc1 {[%eval 37,0]} f6 {[%eval 51,0]
} 21. Rcd1 {[%eval 13,0]} h5 {[%eval 22,0]} 22. f4 {[%eval 11,0]} h4 {[%eval 0,
0]} 23. Bf3 {[%eval 8,0]} Bxf3 {[%eval 12,0]} 24. Kxf3 {[%eval 0,0]} Rh7 {
[%eval 19,0]} 25. d5 {[%eval 16,0]} e5 {[%eval 4,0]} 26. Qc6 {[%eval 16,0]}
hxg3 {[%eval 0,0]} 27. hxg3 {[%eval 0,0]} Qf8 $4 {[%eval 166,0] Blunder. Kg7
was best.} (27... Kg7 28. g4) 28. Qe6 $6 {[%eval 7,0] Inaccuracy. fxe5 was
best.} (28. fxe5) 28... e4+ {[%eval 82,0]} 29. Kf2 {[%eval 4,0]} Qg7 $4 {
[%eval 200,0] Blunder. Rh2+ was best.} (29... Rh2+) 30. Qxf5 Rh2+ 31. Kf1 Qh6
32. d6 cxd6 33. Rxd6 Rxb2 34. Qxe4 Rc8 35. Ke1 Qh2 36. Rd8+ Rxd8 37. Rh1 Re2+
0-1

[Event "Kvika Reykjavik Open 2022"]
[Site "Reykjavik, Iceland"]
[Date "2022.04.07"]
[Round "2.13"]
[White "Mannion, Stephen R"]
[Black "Peng, Li Min"]
[Result "1/2-1/2"]
[WhiteElo "2245"]
[BlackElo "2517"]
[PlyCount "229"]
[EventDate "2022.??.??"]

1. e4 {[%eval 33,0]} g6 {[%eval 71,0]} 2. d4 {[%eval 68,0]} Bg7 {[%eval 73,0]}
3. Nc3 {[%eval 47,0]} d6 {[%eval 72,0]} 4. f4 {[%eval 55,0]} a6 {[%eval 21,0]}
5. Nf3 {[%eval 78,0]} b5 {[%eval 35,0]} 6. Bd3 {[%eval 32,0]} Nd7 {[%eval 75,0]
} 7. e5 {[%eval 37,0]} c5 {[%eval 89,0]} 8. Be4 {[%eval 5,0]} Rb8 {[%eval 29,0]
} 9. Be3 {[%eval 44,0]} b4 {[%eval 48,0]} 10. Ne2 {[%eval 22,0]} Qc7 {[%eval
25,0]} 11. c3 {[%eval 36,0]} bxc3 $6 {[%eval 109,0] Inaccuracy. Nh6 was best.}
(11... Nh6 12. O-O Bb7 13. Ng3 O-O 14. h3 Bxe4 15. Nxe4 Qc6 16. Qd3 c4 17. Qc2
Nb6 18. Rae1) 12. bxc3 {[%eval 66,0]} Nh6 {[%eval 59,0]} 13. O-O {[%eval 77,0]}
O-O {[%eval 44,0]} 14. Rb1 {[%eval 27,0]} Nb6 {[%eval 74,0]} 15. dxc5 {[%eval
52,0]} dxc5 {[%eval 61,0]} 16. Kh1 $2 {[%eval 5,0] Mistake. h3 was best.} (16.
h3 Be6) 16... Be6 {[%eval 94,0]} 17. Qc2 $6 {[%eval -39,0] Inaccuracy. Bg1 was
best.} (17. Bg1 Bxa2 18. Ra1 Rfd8 19. Qc1 Bc4 20. Re1 e6 21. Nd2 Nf5 22. Ng3
Bh6 23. Nxc4 Nxg3+) 17... Nc4 {[%eval -18,0]} 18. Bc1 {[%eval -51,0]} Rxb1 $6 {
[%eval 46,0] Inaccuracy. Ng4 was best.} (18... Ng4 19. Rxb8) 19. Qxb1 {[%eval
29,0]} Rb8 {[%eval 46,0]} 20. Qc2 $2 {[%eval -43,0] Mistake. Qd3 was best.} (
20. Qd3 Rd8 21. Qb1 Bd7 22. Ng3 e6 23. h3 Bb5 24. Bc2 Nb6 25. Re1 Nf5 26. Ne4
Bc6) 20... Ng4 {[%eval -76,0]} 21. Qa4 $6 {[%eval -167,0] Inaccuracy. Re1 was
best.} (21. Re1 Nf2+ 22. Kg1 Nxe4 23. Qxe4 Nb6 24. Ng3 Bxa2 25. f5 Bd5 26. Qh4
Bxf3 27. e6 Bd5) 21... Bd7 $6 {[%eval -79,0] Inaccuracy. Nce3 was best.} (21...
Nce3) 22. Qxc4 {[%eval -98,0]} Bb5 {[%eval -100,0]} 23. Qd5 {[%eval -86,0]}
Bxe2 {[%eval -91,0]} 24. Re1 {[%eval -79,0]} e6 {[%eval -74,0]} 25. Qd2 $2 {
[%eval -128,0] Mistake. Qc6 was best.} (25. Qc6 Qxc6) 25... Nf2+ {[%eval -113,
0]} 26. Kg1 {[%eval -128,0]} Nxe4 {[%eval -195,0]} 27. Qxe2 {[%eval -133,0]}
Nxc3 {[%eval -143,0]} 28. Qxa6 {[%eval -163,0]} c4 {[%eval -148,0]} 29. Nd2 {
[%eval -193,0]} Rc8 $2 {[%eval -95,0] Mistake. Rb4 was best.} (29... Rb4 30. a3
Ra4 31. Qd6 Qc8 32. Qd4 Nd5 33. Ne4 Bf8 34. h4 h5 35. Kh2 Qc6 36. Nc3) 30. Ba3
{[%eval -33,0]} Nd5 {[%eval -25,0]} 31. Bd6 {[%eval -56,0]} Qc6 {[%eval -25,0]}
32. Qxc6 {[%eval -26,0]} Rxc6 {[%eval -38,0]} 33. g3 {[%eval -41,0]} c3 {
[%eval -28,0]} 34. Nb3 {[%eval -26,0]} Bf8 $6 {[%eval 78,0] Inaccuracy. Bh6
was best.} (34... Bh6 35. Nd4 Rb6 36. Ba3 Bf8 37. Bxf8 Kxf8 38. Nb3 Nb4 39. Re2
Kg7 40. Kf2 Kh6 41. Nc1) 35. Bxf8 {[%eval 8,0]} Kxf8 {[%eval 8,0]} 36. Kf2 {
[%eval -91,0]} Nb4 $6 {[%eval 51,0] Inaccuracy. Ra6 was best.} (36... Ra6 37.
Ra1) 37. Nc1 $6 {[%eval -63,0] Inaccuracy. Ra1 was best.} (37. Ra1) 37... h6 $6
{[%eval 62,0] Inaccuracy. Ra6 was best.} (37... Ra6 38. Re4) 38. Re4 {[%eval
67,0]} Nd5 {[%eval 53,0]} 39. Ke1 {[%eval 96,0]} Rb6 {[%eval 96,0]} 40. Nb3 {
[%eval -97,0]} Nb4 {[%eval -99,0]} 41. Nc1 {[%eval -100,0]} Nc2+ $6 {[%eval 25,
0] Inaccuracy. g5 was best.} (41... g5 42. fxg5 hxg5 43. Rc4 Nd5 44. Ne2 Rb1+
45. Kf2 Ra1 46. a4 Kg7 47. Kf3 Ra2 48. h4) 42. Kd1 {[%eval 1,0]} Nb4 {[%eval 2,
0]} 43. Rc4 $6 {[%eval 84,0] Inaccuracy. a4 was best.} (43. a4 Ke7 44. a5 Rb5
45. Rc4 Kd7 46. Ne2 Nd5 47. Nxc3 Nxc3+ 48. Rxc3 Rxa5 49. h4 Ke7) 43... Nd5 {
[%eval 95,0]} 44. Rc8+ {[%eval -68,0]} Kg7 {[%eval -91,0]} 45. Nb3 $6 {[%eval
-92,0] Inaccuracy. a4 was best.} (45. a4) 45... Ra6 {[%eval -34,0]} 46. Nc1 {
[%eval -66,0]} Ra4 {[%eval 95,0]} 47. Ke2 $6 {[%eval -28,0] Inaccuracy. Kc2
was best.} (47. Kc2 Rb4 48. Nd3 Re4 49. Kb3 Rd4 50. Kc2 g5 51. fxg5 hxg5 52. a3
Kg6 53. Nb4 Rd2+) 47... Re4+ {[%eval -75,0]} 48. Kd3 {[%eval 88,0]} Re1 {
[%eval 56,0]} 49. Ne2 {[%eval 83,0]} Rd1+ {[%eval 63,0]} 50. Ke4 {[%eval 67,0]}
Re1 {[%eval 52,0]} 51. Kd3 {[%eval 69,0]} Nb4+ {[%eval 47,0]} 52. Kxc3 {
[%eval 37,0]} Rxe2 {[%eval 44,0]} 53. Kxb4 {[%eval 53,0]} Rxa2 {[%eval 54,0]}
54. h4 {[%eval 5,0]} Rb2+ {[%eval 52,0]} 55. Ka3 {[%eval 53,0]} Rf2 {[%eval 23,
0]} 56. Kb4 {[%eval 43,0]} Rb2+ {[%eval 44,0]} 57. Ka3 {[%eval 59,0]} Re2 {
[%eval 24,0]} 58. Kb4 {[%eval 24,0]} g5 {[%eval 23,0]} 59. hxg5 {[%eval 16,0]}
hxg5 {[%eval 27,0]} 60. Kc3 {[%eval 13,0]} g4 {[%eval 0,0]} 61. Kd4 {[%eval 0,
0]} Rg2 {[%eval 0,0]} 62. Rc3 {[%eval 0,0]} Kg6 {[%eval 0,0]} 63. Ke4 {[%eval
0,0]} Ra2 {[%eval 0,0]} 64. Rd3 {[%eval 0,0]} Rb2 {[%eval 15,0]} 65. Re3 {
[%eval 0,0]} Rb4+ {[%eval 0,0]} 66. Kd3 {[%eval 0,0]} Kf5 {[%eval 7,0]} 67. Ke2
{[%eval 0,0]} Rb2+ {[%eval 0,0]} 68. Kd3 {[%eval 0,0]} Ra2 {[%eval 0,0]} 69.
Kc3 {[%eval 0,0]} Rf2 {[%eval 0,0]} 70. Kd3 {[%eval 0,0]} Rg2 {[%eval 0,0]} 71.
Kd4 {[%eval 0,0]} Rd2+ {[%eval 0,0]} 72. Rd3 {[%eval 0,0]} Rc2 {[%eval 0,0]}
73. Re3 {[%eval 0,0]} Rc7 {[%eval 0,0]} 74. Kd3 {[%eval 0,0]} Rd7+ {[%eval 16,
0]} 75. Ke2 {[%eval 1,0]} Rd4 {[%eval 9,0]} 76. Ke1 {[%eval 0,0]} Kg6 {[%eval
0,0]} 77. Ke2 {[%eval 0,0]} Ra4 {[%eval 0,0]} 78. Kd3 {[%eval 0,0]} Ra2 {
[%eval 0,0]} 79. Ke4 {[%eval 0,0]} Kg7 {[%eval 0,0]} 80. Rd3 {[%eval 0,0]} Kf8
{[%eval 0,0]} 81. Ke3 {[%eval 0,0]} Ke7 {[%eval 0,0]} 82. Rd2 {[%eval 0,0]} Ra1
{[%eval 0,0]} 83. Rd3 {[%eval 4,0]} Rh1 {[%eval 0,0]} 84. Ke4 {[%eval 0,0]} Rg1
{[%eval 5,0]} 85. Rc3 {[%eval 0,0]} Kd7 {[%eval 0,0]} 86. Kd4 {[%eval 0,0]} Rg2
{[%eval 3,0]} 87. Ke4 {[%eval 0,0]} Rf2 {[%eval 8,0]} 88. Kd4 {[%eval 0,0]} Rf1
{[%eval 0,0]} 89. Ke4 {[%eval 0,0]} Re1+ {[%eval 0,0]} 90. Kd4 {[%eval 0,0]}
Ke7 {[%eval 0,0]} 91. Re3 {[%eval 0,0]} Rg1 {[%eval 0,0]} 92. Rc3 {[%eval 0,0]}
f5 {[%eval 0,0]} 93. exf6+ {[%eval 0,0]} Kxf6 {[%eval 0,0]} 94. Re3 {[%eval 0,
0]} Ra1 {[%eval 0,0]} 95. Kd3 {[%eval 0,0]} Ra2 {[%eval 0,0]} 96. Ke4 {[%eval
0,0]} Ra4+ {[%eval 0,0]} 97. Kd3 {[%eval 0,0]} Ra2 {[%eval 0,0]} 98. Ke4 {
[%eval 0,0]} Rd2 {[%eval 0,0]} 99. Rd3 {[%eval 0,0]} Rg2 100. Re3 Rg1 101. Kd3
Rg2 102. Ke4 Rf2 103. Ra3 Rf1 104. Rb3 Re1+ 105. Re3 Ra1 106. Kd3 Ra2 107. Ke4
Kf7 108. Rd3 Ke7 109. Ke5 Re2+ 110. Kd4 Kd6 111. Re3 Ra2 112. Rc3 Rf2 113. Ke4
Re2+ 114. Kd4 Rg2 115. Ke4 {Ke5+} 1/2-1/2

[Event "Kvika Reykjavik Open 2022"]
[Site "Reykjavik, Iceland"]
[Date "2022.04.07"]
[Round "2.15"]
[White "Sowray, Peter J"]
[Black "Stefansson, Vignir Vatnar"]
[Result "1/2-1/2"]
[WhiteElo "2243"]
[BlackElo "2501"]
[PlyCount "118"]
[EventDate "2022.??.??"]

1. d4 {[%eval 3,0]} Nf6 {[%eval 23,0]} 2. c4 {[%eval 2,0]} e6 {[%eval 23,0]} 3.
Nc3 {[%eval 5,0]} d5 {[%eval 41,0]} 4. cxd5 {[%eval 16,0]} exd5 {[%eval 37,0]}
5. Bg5 {[%eval 35,0]} c6 {[%eval 37,0]} 6. Qc2 {[%eval 22,0]} Bd6 {[%eval 35,0]
} 7. e3 {[%eval 21,0]} O-O {[%eval 44,0]} 8. Bd3 {[%eval 39,0]} h6 {[%eval 54,
0]} 9. Bh4 {[%eval 51,0]} Re8 {[%eval 38,0]} 10. Nf3 {[%eval 11,0]} Be6 {
[%eval 23,0]} 11. O-O {[%eval 1,0]} Nbd7 {[%eval 2,0]} 12. Rab1 {[%eval 12,0]}
a5 {[%eval 15,0]} 13. a3 {[%eval 21,0]} Qb8 {[%eval 12,0]} 14. Bg3 {[%eval 0,0]
} Bxg3 {[%eval 14,0]} 15. hxg3 {[%eval 5,0]} Qd6 {[%eval 0,0]} 16. Rfc1 {
[%eval 18,0]} Nb6 {[%eval 43,0]} 17. Na4 $6 {[%eval 8,0] Inaccuracy. b4 was
best.} (17. b4) 17... Nxa4 {[%eval 4,0]} 18. Qxa4 {[%eval 0,0]} Ne4 {[%eval 3,
0]} 19. Qc2 {[%eval 14,0]} a4 {[%eval 0,0]} 20. Ne5 {[%eval 3,0]} f6 {[%eval
15,0]} 21. Ng6 {[%eval 0,0]} Bf7 {[%eval 32,0]} 22. Nf4 {[%eval 0,0]} Qe7 {
[%eval 0,0]} 23. Ne2 {[%eval 2,0]} Bg6 {[%eval 6,0]} 24. Nc3 {[%eval 0,0]} Nxc3
{[%eval 2,0]} 25. Qxc3 {[%eval 25,0]} Bxd3 {[%eval 25,0]} 26. Qxd3 {[%eval 32,
0]} Ra5 {[%eval 35,0]} 27. b4 {[%eval 32,0]} axb3 {[%eval 18,0]} 28. Qxb3 {
[%eval 21,0]} Ra7 {[%eval 23,0]} 29. a4 {[%eval 29,0]} Rea8 {[%eval 3,0]} 30.
a5 {[%eval 0,0]} Qe6 {[%eval 28,0]} 31. Qb6 {[%eval 37,0]} Qf5 {[%eval 48,0]}
32. Qc7 {[%eval 38,0]} Qc8 {[%eval 17,0]} 33. Qe7 {[%eval 9,0]} b6 {[%eval 0,0]
} 34. Qd6 {[%eval 0,0]} bxa5 {[%eval 18,0]} 35. Rxc6 {[%eval 7,0]} Qf5 {
[%eval 0,0]} 36. Rb8+ {[%eval 0,0]} Kh7 {[%eval 0,0]} 37. Qf8 {[%eval 0,0]}
Qb1+ {[%eval 0,0]} 38. Rxb1 Rxf8 39. Rb3 a4 40. Ra3 Rb8 41. Rc5 Rb1+ 42. Kh2
Rf1 43. Rc2 h5 44. g4 h4 45. g3 g5 46. gxh4 gxh4 47. Kg2 Rb1 48. Rca2 Rg7 49.
Ra1 Rxg4+ 50. Kh3 Rxa1 51. Rxa1 Re4 52. Rxa4 f5 53. Ra5 f4 54. Rxd5 fxe3 55.
fxe3 Kg6 56. Re5 Rxe5 57. dxe5 Kf5 58. Kxh4 Kxe5 59. e4 Kxe4 1/2-1/2

[Event "Kvika Reykjavik Open 2022"]
[Site "Reykjavik, Iceland"]
[Date "2022.04.07"]
[Round "2.16"]
[White "Beerdsen, Thomas"]
[Black "Large, Peter G"]
[Result "1-0"]
[WhiteElo "2496"]
[BlackElo "2293"]
[PlyCount "73"]
[EventDate "2022.??.??"]

1. e4 {[%eval 33,0]} e6 {[%eval 13,0]} 2. d4 {[%eval 24,0]} d5 {[%eval 25,0]}
3. Nc3 {[%eval 0,0]} Bb4 {[%eval 16,0]} 4. e5 {[%eval 13,0]} Ne7 {[%eval 28,0]}
5. a3 {[%eval 57,0]} Bxc3+ {[%eval 79,0]} 6. bxc3 {[%eval 71,0]} b6 {[%eval 58,
0]} 7. Qg4 {[%eval 56,0]} Ng6 {[%eval 75,0]} 8. h4 {[%eval 112,0]} h5 {[%eval
108,0]} 9. Qg3 {[%eval 100,0]} Ba6 {[%eval 138,0]} 10. Bxa6 {[%eval 98,0]} Nxa6
{[%eval 124,0]} 11. Bg5 {[%eval 138,0]} Qd7 {[%eval 148,0]} 12. Ne2 {[%eval
146,0]} Nb8 {[%eval 67,0]} 13. Qf3 {[%eval 73,0]} Qa4 $2 {[%eval 187,0]
Mistake. Qc6 was best.} (13... Qc6 14. Kd2 Qc4 15. Rhg1 Nc6 16. g4 hxg4 17.
Qxg4 Qa4 18. h5 Nge7 19. Bxe7 Nxe7 20. Qxg7) 14. Ng3 {[%eval 175,0]} Nd7 {
[%eval 195,0]} 15. Nxh5 {[%eval 171,0]} Rh7 {[%eval 197,0]} 16. Ng3 {[%eval
207,0]} f6 {[%eval 196,0]} 17. exf6 {[%eval 200,0]} gxf6 {[%eval 206,0]} 18.
Qd3 {[%eval 219,0]} Ngf8 {[%eval 109,0]} 19. Be3 {[%eval 205,0]} c5 {[%eval
243,0]} 20. h5 {[%eval 238,0]} Rc8 {[%eval 203,0]} 21. O-O {[%eval 227,0]} cxd4
{[%eval 225,0]} 22. Bxd4 {[%eval 193,0]} Qc4 $6 {[%eval 305,0] Inaccuracy. Ne5
was best.} (22... Ne5 23. Qe3) 23. Qd2 $6 {[%eval 212,0] Inaccuracy. Qf3 was
best.} (23. Qf3) 23... Kf7 {[%eval 184,0]} 24. f4 $6 {[%eval 109,0] Inaccuracy.
a4 was best.} (24. a4 Qc7 25. a5 bxa5 26. Rfe1 Rg7 27. Qe3 Ne5 28. Bxe5 Qxe5
29. Rxa5 Qxe3 30. Rxe3 f5) 24... f5 $6 {[%eval 172,0] Inaccuracy. Nb8 was best.
} (24... Nb8 25. Qe3) 25. Qe3 $6 {[%eval 102,0] Inaccuracy. a4 was best.} (25.
a4) 25... Nc5 $6 {[%eval 184,0] Inaccuracy. Nf6 was best.} (25... Nf6 26. a4)
26. Rae1 $2 {[%eval 75,0] Mistake. a4 was best.} (26. a4 a5 27. Rf3 Nfd7 28.
Re1 Ne4 29. Nxe4 dxe4 30. Rg3 Nf6 31. Bxf6 Kxf6 32. Rg6+ Ke7) 26... Ne4 {
[%eval 71,0]} 27. Nxe4 {[%eval 47,0]} dxe4 {[%eval 8,0]} 28. Qh3 {[%eval 45,0]}
Nd7 {[%eval 85,0]} 29. Re3 {[%eval 111,0]} Rch8 {[%eval 109,0]} 30. Bxh8 Rxh8
31. Rg3 Nf6 32. h6 Ng4 33. Qh5+ Kf8 34. Rxg4 fxg4 35. Rd1 Qe2 36. Rd8+ Ke7 37.
Qg5+ 1-0

[Event "Kvika Reykjavik Open 2022"]
[Site "Reykjavik, Iceland"]
[Date "2022.04.07"]
[Round "2.18"]
[White "Jarmula, Lukasz"]
[Black "Burlacu, Bogdan"]
[Result "1-0"]
[WhiteElo "2434"]
[BlackElo "2286"]
[PlyCount "87"]
[EventDate "2022.??.??"]

1. Nf3 {[%eval 29,0]} Nf6 {[%eval 29,0]} 2. c4 {[%eval 25,0]} g6 {[%eval 38,0]}
3. Nc3 {[%eval 25,0]} Bg7 {[%eval 68,0]} 4. e4 {[%eval 62,0]} d6 {[%eval 61,0]}
5. d4 {[%eval 61,0]} O-O {[%eval 48,0]} 6. Be2 {[%eval 5,0]} c6 {[%eval 74,0]}
7. O-O {[%eval 7,0]} Nbd7 {[%eval 97,0]} 8. Be3 {[%eval 112,0]} e5 {[%eval 128,
0]} 9. d5 {[%eval 102,0]} c5 {[%eval 133,0]} 10. Ne1 {[%eval 129,0]} Ne8 {
[%eval 102,0]} 11. g4 {[%eval 92,0]} f5 {[%eval 89,0]} 12. exf5 {[%eval 114,0]}
gxf5 {[%eval 98,0]} 13. gxf5 {[%eval 109,0]} Nb6 {[%eval 131,0]} 14. Nf3 {
[%eval 139,0]} h6 $2 {[%eval 323,0] Mistake. Bxf5 was best.} (14... Bxf5 15.
Ng5) 15. Kh1 {[%eval 295,0]} Bxf5 {[%eval 209,0]} 16. Rg1 {[%eval 324,0]} Kh8 {
[%eval 336,0]} 17. Qd2 {[%eval 344,0]} Qf6 {[%eval 364,0]} 18. Rg3 {[%eval 348,
0]} e4 {[%eval 356,0]} 19. Ne1 {[%eval 358,0]} Nd7 {[%eval 307,0]} 20. Ng2 {
[%eval 307,0]} Ne5 {[%eval 308,0]} 21. Nf4 {[%eval 304,0]} Nf3 $6 {[%eval 451,
0] Inaccuracy. Qh4 was best.} (21... Qh4) 22. Bxf3 {[%eval 425,0]} exf3 {
[%eval 405,0]} 23. Rag1 {[%eval 467,0]} Rf7 {[%eval 476,0]} 24. Rxf3 $6 {
[%eval 374,0] Inaccuracy. Nh5 was best.} (24. Nh5) 24... Qh4 {[%eval 412,0]}
25. Rh3 {[%eval 429,0]} Qf6 {[%eval 472,0]} 26. Rhg3 {[%eval 500,0]} Kh7 {
[%eval 541,0]} 27. Nh5 $2 {[%eval 272,0] Mistake. Qe2 was best.} (27. Qe2 Qe5)
27... Qh4 {[%eval 286,0]} 28. Nf4 {[%eval 286,0]} Be5 {[%eval 294,0]} 29. f3 {
[%eval 209,0]} Rg7 {[%eval 285,0]} 30. Nce2 {[%eval 252,0]} Rc8 {[%eval 292,0]}
31. Nc1 $2 {[%eval 131,0] Mistake. Ng2 was best.} (31. Ng2 Qf6 32. Bf4 Rxg3 33.
hxg3 Bxb2 34. Nh4 Ng7 35. Kg2 Be5 36. Bxe5 Qxe5 37. g4 Re8) 31... Rcc7 {
[%eval 179,0]} 32. Ncd3 {[%eval 200,0]} Rxg3 {[%eval 182,0]} 33. Rxg3 {[%eval
198,0]} Rg7 {[%eval 182,0]} 34. Bf2 Rxg3 35. Bxg3 Qg5 36. Qe3 Bxf4 37. Bxf4 Qg6
38. Nf2 Ng7 39. Qe7 Bb1 40. Bxd6 Bxa2 41. Be5 Bxc4 42. Ne4 Bxd5 43. Nf6+ Kh8
44. Qf8+ 1-0